000 00430nam a2200181Ia 4500
003 OSt
005 20251204124749.0
008 250729s2002 xx 000 0 und d
020 _a5551234105846
040 _cAL
041 _akan
082 _a500 DSEV
245 _a ಸಮಾಜ ವಿಜ್ನಾನ ಭಾಗ -I & II
260 _aMangalore
_c2002
300 _a160p
650 _aScience
_9225609
942 _2ddc
_cBED
999 _c237002
_d237002